000 00438ntaaa2200169 4500
003 01
005 20251027203002.0
008 0714s1973 ag 01
040 _aAR-BaBN
_bspa
_cAR-BaBN
_eaacr
_dRIC
082 _a985.1000 V52
100 _aVega, Garcilaso de la (Inca)
_930815
245 _aLe commentaire royal ou l'histoire des Incas
250 _a1 ed.
260 _aParis :
_bAugustin Courbe,
_c1633
300 _a1348 p
942 _cBK
999 _c25250
_d25250